000 00852cab a2200289 4500
001 ABS55429
008 090401t1996 xxu||||| |||| 00| 0 eng d
035 _a(Sirsi) u16370
041 _aeng
100 _aBrown, D.
245 _aPride without prejudice
260 _c1996
350 _a0
490 _aRural Practice Bulletin
_vMarch/April 1996 35-38(4)
520 _aExplains the VAT complicaitons and opportunites arising from country estates. Includes farm shops, sporting rights, theme parks, holiday lettings and vineyards.
650 _aCOUNTRY ESTATES
650 _aFARM SHOPS
650 _aRESTRICTIVE COVENANTS
650 _aSPORTING RIGHTS
650 _aTHEME PARKS
650 _aVALUE ADDED TAX
650 _aVALUE ADDED TAX
650 _aVINEYARDS
690 _aRURAL PRACTICE
942 _n0
948 _c04/03/1997
999 _c10767
_d10767